[Event "Tilburg"]
[Site "Tilburg"]
[Date "1992.??.??"]
[Round "1"]
[White "Wolff, Patrick G"]
[Black "Lputian, Smbat G"]
[Result "1/2-1/2"]
[WhiteElo "2590"]
[BlackElo "2585"]

1.e4 e6 2.d4 d5 3.Nd2 dxe4 4.Nxe4 Nd7 5.Nf3 Ngf6 6.Bg5 h6 7.Bh4 Be7 8.Nxf6+ Bxf6
9.Bxf6 Qxf6 10.Qe2 c5 11.O-O-O cxd4 12.Rxd4 O-O 13.Qe3 a6 14.Be2 Qe7 15.Rhd1 b5
16.g4 e5 17.Rd6 Re8 18.h3 Nf8 19.Kb1  1/2-1/2

[Event "Tilburg"]
[Site "Tilburg"]
[Date "1992.??.??"]
[Round "1"]
[White "Lobron, Eric"]
[Black "Georgiev, Kiril"]
[Result "1/2-1/2"]
[WhiteElo "2625"]
[BlackElo "2610"]

1.d4 Nf6 2.c4 e6 3.Nf3 d5 4.Nc3 Be7 5.Bg5 h6 6.Bh4 O-O 7.e3 b6 8.Be2 Bb7
9.Bxf6 Bxf6 10.cxd5 exd5 11.b4 c5 12.bxc5 bxc5 13.Rb1 Qa5 14.Qd2 cxd4 15.Nxd4 Bxd4
16.exd4 Ba6 17.Nb5 Qd8 18.O-O Nc6 19.Rfd1 Qf6 20.a4 Rab8 21.Bf1 Bc8 22.Rbc1 a6
23.Nc7 Qd6 24.Qc3 Qxc7 25.Qxc6 Qxc6 26.Rxc6 Rb4 27.a5 Ra4 28.Rdc1 Be6 29.Rxa6 Rb8
30.Rd1 g5 31.f3 Rbb4 32.Ra7 Rxd4 33.Rxd4 Rxd4 34.a6 Kg7 35.Rc7 Ra4 36.Bb5 Ra1+
37.Kf2 Kf6 38.Ke3 Ke5 39.Kd2 d4 40.Rc5+ Kd6 41.Rc6+ Kd5 42.Rc2 Kd6 43.Rc6+ Kd5
44.Rc2  1/2-1/2

[Event "Tilburg"]
[Site "Tilburg"]
[Date "1992.??.??"]
[Round "1"]
[White "Kengis, Edvins"]
[Black "Romanishin, Oleg M"]
[Result "1/2-1/2"]
[WhiteElo "2590"]
[BlackElo "2555"]

1.Nf3 Nf6 2.g3 d5 3.Bg2 g6 4.c4 dxc4 5.Qa4+ Nfd7 6.Qxc4 Bg7 7.O-O Nc6 8.d3 O-O
9.Nc3 Nde5 10.Nxe5 Nxe5 11.Qb3 c6 12.Bf4 Ng4 13.h3 e5 14.Bd2 Nf6 15.Rac1 Qe7
16.Qa3 Qxa3 17.bxa3 Rd8 18.Rb1 e4 19.Nxe4 Nxe4 20.Bxe4 Bxh3 21.Rfc1 Rd7 22.Rc2 Be6
23.a4 Re8 24.Be3 a6 25.Bf3 f5 26.Rb4 h5 27.a5 Bf6 28.Bc5 Be7 29.Bxe7 Rexe7
30.Rcb2 Kf7 31.Kf1 Kf6 32.Bg2 Bd5 33.Bxd5 Rxd5 34.Rxb7 Rxb7 35.Rxb7 Rxa5
36.Rb6 Rxa2 37.Rxc6+ Kf7  1/2-1/2

[Event "Tilburg"]
[Site "Tilburg"]
[Date "1992.??.??"]
[Round "1"]
[White "Petursson, Margeir"]
[Black "Hjartarson, Johann"]
[Result "1-0"]
[WhiteElo "2565"]
[BlackElo "2595"]

1.d4 Nf6 2.c4 e6 3.Nf3 b6 4.g3 Ba6 5.b3 Bb7 6.Bg2 Bb4+ 7.Bd2 a5 8.O-O O-O
9.Qc2 h6 10.Nc3 Re8 11.Rfe1 d5 12.cxd5 exd5 13.e3 Ne4 14.a3 Nxd2 15.Nxd2 Bf8
16.Qf5 c6 17.h4 Na6 18.Nf3 g6 19.Qf4 Bg7 20.e4 Nc7 21.exd5 Rxe1+ 22.Rxe1 cxd5
23.Ne5 Qe7 24.Na4 Ne6 25.Qe3 Re8 26.Nxb6 Qd6 27.Na4 Qxa3 28.Nxf7 Kxf7 29.Nc5 Bxd4
30.Qf3+ Bf6 31.Nxb7 Qb4 32.Rxe6 Rxe6 33.Nd8+ Kg8 34.Nxe6 Qe1+ 35.Kh2 Qxe6
36.Qf4 g5 37.Qd2 d4 38.Qxa5 Kg7 39.hxg5 hxg5 40.Qb5 Qd6 41.Be4 Be7 42.Kg2 Qe6
43.Bd3 Qd6 44.Qb7 Qb4 45.Qe4 Qd6 46.Qh7+ Kf8 47.Qh8+ Kf7 48.Bc4+ Kg6 49.Qg8+ Kf6
50.Qf7+  1-0

[Event "Tilburg"]
[Site "Tilburg"]
[Date "1992.??.??"]
[Round "1"]
[White "Winants, Luc"]
[Black "Nijboer, Friso"]
[Result "1-0"]
[WhiteElo "2505"]
[BlackElo "2485"]

1.c4 g6 2.Nc3 Bg7 3.g3 Nc6 4.Bg2 d6 5.d3 f5 6.e3 Nf6 7.Nge2 O-O 8.O-O e5
9.Rb1 a5 10.b3 g5 11.f4 gxf4 12.exf4 Ng4 13.h3 Nh6 14.Be3 Nd4 15.Qd2 Nf7
16.Bf2 Nxe2+ 17.Nxe2 c6 18.Rbd1 h5 19.fxe5 dxe5 20.d4 h4 21.dxe5 Qxd2 22.Rxd2 Nxe5
23.Nf4 hxg3 24.Bxg3 a4 25.Re1 axb3 26.axb3 Kh7 27.Nh5 Ng6 28.Nxg7 Kxg7 29.Bd6 Rg8
30.Kh2 Kf7 31.Bb4 Be6 32.Bd6 Rad8 33.c5 Nh4 34.Bh1 Rd7 35.b4 Bd5 36.Rxd5 cxd5
37.Bxd5+ Kf6 38.Be5+ Kg5 39.Rg1+ Kh5 40.Rxg8 Rxd5 41.Rh8+ Kg5 42.Bf6+ Kxf6
43.Rxh4 b5 44.Rh6+ Kg5 45.Rd6 Re5 46.Rd2 Re3 47.Rc2 Kh4 48.c6 Rxh3+ 49.Kg1 Rg3+
50.Kf2 Rg8 51.c7 Rc8 52.Ke3 Kg3 53.Kd4 f4 54.Kd5 f3 55.Kd6 f2 56.Rc1 Rg8
57.Kd7 Rg7+ 58.Kc6 Rg8 59.Kb7  1-0

[Event "Tilburg"]
[Site "Tilburg"]
[Date "1992.??.??"]
[Round "1"]
[White "Sveshnikov, Evgeny"]
[Black "Ree, Hans"]
[Result "1/2-1/2"]
[WhiteElo "2525"]
[BlackElo "2450"]

1.e4 c5 2.f4 g6 3.Nf3 Bg7 4.c3 Nc6 5.d4 d5 6.e5 cxd4 7.cxd4 Bg4 8.Bb5 Nh6
9.Be3 Nf5 10.Bf2 O-O 11.Bxc6 bxc6 12.h3 Bxf3 13.Qxf3 f6 14.Qc3 c5 15.dxc5 fxe5
16.fxe5 Qb8 17.Nd2 Bxe5 18.Qd3 Bxb2 19.Rb1 Qe5+ 20.Kd1 Qf6 21.Rf1 Bd4 22.Bxd4 Qxd4
23.Qxd4 Nxd4 24.Re1 Nc6 25.Nf3 Rab8 26.Rxb8 Rxb8 27.Re6 Rc8 28.Kd2 Kf8 29.Ng5 Kg7
30.h4 h6 31.Nf3 Rc7 32.Ne5 Nxe5 33.Rxe5 Kf6 34.Rxd5 Ke6 35.Rd4 Rxc5 36.Ra4 a5
37.Ke3 Re5+ 38.Kf3 Kf6 39.Rc4 Rb5 40.Rc6+ e6 41.Ra6 Rc5 42.a4 h5 43.Ra8 Rf5+
44.Ke2 g5 45.hxg5+ Rxg5 46.g3 Rc5 47.Kf3 Ke5 48.Ke3 Kd5 49.Kd3 Kc6 50.Ra6+ Kd5
51.Ra8 Kd6 52.Kd4 Rg5 53.Ra6+ Ke7 54.Ke4 Kf6 55.Kf3 Rf5+ 56.Ke3 Re5+ 57.Kf3 Kg5
58.Ra8 Rf5+ 59.Kg2 Kg4 60.Rg8+ Rg5 61.Re8 Rc5 62.Rxe6 Rc2+ 63.Kf1 Rc4 64.Kg2 Rxa4
65.Rg6+ Kf5 66.Rh6 Kg5 67.Rh8 Ra2+ 68.Kh3 Rb2 69.Rg8+ Kf6 70.Rf8+ Ke6 71.Re8+ Kd6
72.Rd8+ Kc5 73.Rh8  1/2-1/2

[Event "Tilburg"]
[Site "Tilburg"]
[Date "1992.??.??"]
[Round "1"]
[White "Sveshnikov, Evgeny"]
[Black "Lputian, Smbat G"]
[Result "0-1"]
[WhiteElo "2525"]
[BlackElo "2585"]

1.e4 c5 2.Nf3 e6 3.d4 cxd4 4.Nxd4 Nf6 5.Nc3 d6 6.g4 h6 7.h3 Nc6 8.Bg2 Bd7
9.O-O Be7 10.f4 Nxd4 11.Qxd4 Bc6 12.Be3 Nd7 13.Qd2 g5 14.Bd4 Rh7 15.e5 dxe5
16.fxe5 Nxe5 17.Rad1 Qc7 18.Ne4 O-O-O 19.Qc3 Ng6 20.Bxa7 Rxd1 21.Rxd1 Nf4
22.Bf3 Nxh3+ 23.Kf1 h5 24.Bc5 Bxe4 25.Bxe4 Bxc5 26.Bxh7 Qf4+ 27.Ke2 Qxg4+
28.Ke1 Qh4+ 29.Ke2 Nf4+ 30.Kd2 Qf2+ 31.Kc1 Ne2+  0-1

[Event "Tilburg"]
[Site "Tilburg"]
[Date "1992.??.??"]
[Round "1"]
[White "Stohl, Igor"]
[Black "Ligterink, Gert"]
[Result "1-0"]
[WhiteElo "2560"]
[BlackElo "2430"]

1.d4 Nf6 2.c4 e6 3.Nc3 Bb4 4.Qc2 O-O 5.Bg5 h6 6.Bh4 c5 7.e3 cxd4 8.exd4 d5
9.cxd5 exd5 10.Bd3 Nc6 11.Ne2 Be7 12.a3 Be6 13.f3 Rc8 14.O-O a6 15.Bf2 Bd6
16.g4 Qd7 17.Rad1 Na5 18.Bg3 Nc4 19.Bxc4 Rxc4 20.Bxd6 Qxd6 21.Qd2 Rfc8 22.Qf4 Qb6
23.Rd2 Ne8 24.Qe5 f6 25.Nxd5 Bxd5 26.Qxd5+ Kh8 27.Nf4 Nd6 28.Re1 Rc1 29.Rxc1 Rxc1+
30.Kg2 Nc4 31.Ng6+ Kh7 32.Nf8+ Kh8 33.Qe4 Kg8 34.Re2 Qd6 35.Qh7+  1-0

[Event "Tilburg"]
[Site "Tilburg"]
[Date "1992.??.??"]
[Round "1"]
[White "Stohl, Igor"]
[Black "Hort, Vlastimil"]
[Result "1/2-1/2"]
[WhiteElo "2560"]
[BlackElo "2560"]

1.d4 e6 2.c4 Bb4+ 3.Bd2 Qe7 4.g3 Nf6 5.Nf3 Bxd2+ 6.Qxd2 b6 7.Bg2 Bb7 8.O-O O-O
9.Nc3 Na6 10.d5 Qc5 11.Ne5 c6 12.Rfd1 cxd5 13.cxd5 exd5 14.Nd3 Qe7 15.Nf4 Nc7
16.e3 Qe5 17.b3 Rac8 18.Nfxd5 Ncxd5 19.Nxd5 Bxd5 20.Bxd5 Rc5 21.Bg2  1/2-1/2

[Event "Tilburg"]
[Site "Tilburg"]
[Date "1992.??.??"]
[Round "1"]
[White "Spasov, Vasil"]
[Black "Vogt, Lothar"]
[Result "1/2-1/2"]
[WhiteElo "2535"]
[BlackElo "2530"]

1.e4 c5 2.Nf3 e6 3.d4 cxd4 4.Nxd4 Nf6 5.Nc3 d6 6.Be2 Be7 7.f4 O-O 8.Be3 Nc6
9.Qd2 e5 10.Nb3 a5 11.a4 exf4 12.Bxf4 Be6 13.Rd1 Qb6 14.Be3 Qb4 15.Nd4 Ne5
16.O-O Rac8 17.Kh1 Nc4 18.Bxc4 Rxc4 19.Qc1 Rcc8 20.Bg5 Qc5 21.Nf5 Bxf5 22.Rxf5 Qc4
23.Qe3 Rc5 24.Rxc5 dxc5 25.Qf3 h6 26.Bf4 Rd8 27.Rxd8+ Bxd8 28.Qd3 Qxd3 29.cxd3 Ng4
30.Nd1 Bf6 31.b3 Bd4 32.h3 Nf6 33.g4 Nd7 34.Kg2 c4 35.bxc4 Nc5 36.Bc7 Nxd3
37.Bxa5 Ne5  1/2-1/2

[Event "Tilburg"]
[Site "Tilburg"]
[Date "1992.??.??"]
[Round "1"]
[White "Sokolov, Ivan"]
[Black "Razuvaev, Yuri S"]
[Result "1-0"]
[WhiteElo "2625"]
[BlackElo "2565"]

1.Nf3 Nf6 2.c4 e6 3.Nc3 b6 4.e4 Bb7 5.Bd3 c5 6.O-O d6 7.Bc2 e5 8.Nd5 Be7
9.Ne1 Nc6 10.f4 exf4 11.Nxf4 O-O 12.d3 Nd7 13.Ba4 Nde5 14.Nc2 Bg5 15.Nd5 Bxc1
16.Rxc1 Ne7 17.Nxe7+ Qxe7 18.Ne3 g6 19.d4 cxd4 20.Qxd4 Rac8 21.b4 Qg5 22.Rce1 h5
23.a3 h4 24.h3 Qg3 25.Re2 Rc7 26.Ref2 Re7 27.Rf4 Rc8 28.Kh1 Rcc7 29.Bd1 Bc6
30.Bg4 Bb7 31.b5 Nd7 32.Bxd7 Rcxd7 33.Ng4 f5 34.R4f3 Qxf3 35.Nf6+  1-0

[Event "Tilburg"]
[Site "Tilburg"]
[Date "1992.??.??"]
[Round "1"]
[White "Gurevich, Mikhail"]
[Black "Kengis, Edvins"]
[Result "1/2-1/2"]
[WhiteElo "2625"]
[BlackElo "2590"]

1.d4 e6 2.c4 Bb4+ 3.Nc3 b6 4.e3 Bb7 5.Ne2 f5 6.a3 Bd6 7.d5 Nf6 8.g3 a5 9.Bg2 Na6
10.O-O O-O 11.b3 Nc5 12.Bb2 Qe7 13.Nd4 Nce4 14.Nxe4 fxe4 15.dxe6 dxe6 16.Qc2 e5
17.Nb5 Qf7 18.Rad1 Rad8 19.Rd2 Bc6 20.Nxd6 cxd6 21.a4 Qe6 22.Ba3 Rd7 23.Rfd1 Rfd8
24.b4 axb4 25.Bxb4 d5 26.cxd5 Bxd5 27.Qb2 Bc4 28.Rxd7 Rxd7 29.Rxd7 Qxd7 30.h3 Qxa4
31.Bc3 Qd1+ 32.Kh2 Qb3 33.Qxb3 Bxb3 34.Bxe5 Bc2 35.g4 b5 36.g5 Nd5 37.h4 b4
38.Bh3 Kf7 39.Bc8 Nb6 40.Ba6 Bd3 41.Bb7 b3 42.Bd4 Nc4 43.Bd5+ Kf8 44.Bxc4 Bxc4  1/2-1/2

[Event "Tilburg"]
[Site "Tilburg"]
[Date "1992.??.??"]
[Round "1"]
[White "Gulko, Boris F"]
[Black "Smyslov, Vassily"]
[Result "1/2-1/2"]
[WhiteElo "2610"]
[BlackElo "2530"]

1.d4 Nf6 2.c4 e6 3.Nc3 Bb4 4.Qc2 d5 5.cxd5 Qxd5 6.Nf3 c5 7.Bd2 Bxc3 8.Bxc3 Nc6
9.Rd1 b6 10.e3 Bb7 11.dxc5 Qxc5 12.Bd3 O-O 13.a3 Rac8 14.O-O Qh5 15.Qe2 Nd5
16.Bd2 Ne5 17.Nd4 Qxe2 18.Bxe2 Nc4 19.Bc1 a6 20.e4 Nf6 21.f3 h6 22.b3 Na5
23.Be3 b5 24.Bd2 Nc6 25.Nxc6 Rxc6 26.Bb4 Rfc8 27.Rd2 Rc2 28.Rfd1 Rxd2 29.Rxd2 Bc6
30.Rc2 Bd7 31.Rxc8+ Bxc8 32.Kf2 e5 33.Ke3 Be6 34.Bd1 Nd7 35.Bd6 f5 36.Kd3 Kf7
37.Kc3 fxe4 38.fxe4 Nf6 39.Bf3 g5 40.Bxe5 g4 41.Be2 Nxe4+ 42.Kb4 h5 43.a4 Nd2
44.axb5 axb5 45.Bd1 Bd5 46.Bf4 Nf1 47.g3 Bf3 48.Bc2 Be2 49.Bf5 Nxh2 50.Bd7 Nf3
51.Bxb5 Bd1 52.Bc4+ Kf6 53.Kc5 Ne5 54.Kd6 Ng6 55.Be3 h4 56.Bd4+ Kg5 57.Be3+ Kf6
58.gxh4 Nxh4 59.Kc5 Nf5 60.Bg1 Ke5 61.b4 Bf3 62.b5 g3 63.b6 Bb7 64.Bd3 Ne7
65.Bd4+ Ke6 66.Be2 Nc8 67.Bg4+ Ke7 68.Be3 g2  1/2-1/2

[Event "Tilburg"]
[Site "Tilburg"]
[Date "1992.??.??"]
[Round "1"]
[White "Gulko, Boris F"]
[Black "Knoppert, Erik G J"]
[Result "1/2-1/2"]
[WhiteElo "2610"]
[BlackElo "2370"]

1.c4 e5 2.g3 Nf6 3.Bg2 Nc6 4.Nc3 Bb4 5.e4 O-O 6.d3 d6 7.Nf3 Nd4 8.Nxd4 exd4
9.a3 Ba5 10.b4 dxc3 11.bxa5 c6 12.O-O Qxa5 13.Rb1 Nd7 14.Qc2 Nc5 15.Be3 f5
16.Bd4 fxe4 17.dxe4 Be6 18.Bxc3 Qa6 19.Rb4 Bxc4 20.Bxg7 Bxf1 21.Bxf1 Qxa3
22.Bc3 Rf3 23.Bc4+ d5 24.Bb3 Nxb3 25.Rxb3 Qa4 26.exd5 cxd5 27.Qd1 Rd3 28.Qh5 Qxb3
29.Qg5+ Kf7 30.Qf6+ Ke8 31.Qe6+ Kf8 32.Qd6+ Ke8 33.Qe6+ Kf8  1/2-1/2

[Event "Tilburg"]
[Site "Tilburg"]
[Date "1992.??.??"]
[Round "1"]
[White "Epishin, Vladimir"]
[Black "Lutz, Christopher"]
[Result "1/2-1/2"]
[WhiteElo "2630"]
[BlackElo "2550"]

1.d4 Nf6 2.c4 e6 3.Nf3 b6 4.g3 Ba6 5.b3 Bb7 6.Bg2 Bb4+ 7.Bd2 c5 8.O-O O-O
9.dxc5 Bxc5 10.Nc3 Na6 11.Bf4 Qe7 12.Nb5 d5 13.a3 dxc4 14.b4 e5 15.Bxe5 Ng4
16.Bd6 Bxd6 17.Qxd6 Qe8 18.Nc3 Nf6 19.Rfd1 Rc8 20.Rac1 Nc7 21.Bh3 Ne6 22.Qe5 h6
23.Qe3 Qc6 24.b5 Qc5 25.Nd4 Rfe8 26.Bxe6 fxe6 27.f3 Qh5 28.g4 Qg6 29.h3 h5
30.Kf1 hxg4 31.hxg4 e5 32.Nf5 e4 33.Qf4 exf3 34.exf3 Bxf3 35.Qxf3 Nxg4 36.Nd5 Nh2+
37.Kf2 Ng4+ 38.Kf1 Nh2+ 39.Kf2 Ng4+ 40.Kf1 Nh2+ 41.Kf2 Ng4+  1/2-1/2

[Event "Tilburg"]
[Site "Tilburg"]
[Date "1992.??.??"]
[Round "1"]
[White "Dolmatov, Sergey"]
[Black "Hertneck, Gerald"]
[Result "1/2-1/2"]
[WhiteElo "2610"]
[BlackElo "2560"]

1.e4 e6 2.d4 d5 3.Nc3 Bb4 4.e5 Ne7 5.a3 Bxc3+ 6.bxc3 c5 7.h4 Qc7 8.Nf3 h6
9.h5 b6 10.Bb5+ Bd7 11.Bd3 Nbc6 12.O-O O-O 13.Be3 c4 14.Be2 f6 15.exf6 Rxf6
16.g3 Raf8 17.Nh4 Be8 18.Qd2 Nc8 19.Ng2 Nd6 20.Bf4 Qd8 21.Bg4 Ne4 22.Qe3 Kh7
23.f3 Ng5 24.Be5 R6f7 25.f4 Ne4 26.Bxe6 Re7 27.Bg4 Nf6 28.Bf5+ Kg8 29.Nh4 Bxh5
30.Ng6 Bxg6 31.Bxg6 Qd7 32.Qf3 Qe6 33.Rae1 Ng4 34.Bh5 Ngxe5 35.dxe5 Kh8 36.Qg2 Rd7
37.Kh2 Ne7 38.Qh3 Qxh3+ 39.Kxh3 g6 40.Bg4 Rc7 41.Rd1 Kg7 42.Be6 Rc5 43.g4 h5
44.gxh5 Rh8 45.Bg4 Ra5 46.Ra1 gxh5 47.Be6 Ng6 48.Rae1 Rxa3 49.Rf3 Rxc3 50.Rxc3 Nxf4+
51.Kh2 Nxe6 52.Rf3 Re8 53.Rg1+ Kh6 54.Rf6+ Kh7 55.Rf5 Kh6 56.Kh3 Re7 57.Kh4 Ng7
58.Rf6+ Kh7 59.e6 Kg8 60.c3 a5 61.Kg5 Nxe6+ 62.Kh6+ Rg7 63.Rxg7+ Nxg7 64.Kg6 h4
65.Rxb6 Ne8 66.Rb5 Kf8 67.Rxd5 Ke7 68.Kf5 h3 69.Rxa5 h2 70.Ra7+ Kd8 71.Rh7 Nd6+
72.Ke5 Nb5 73.Rxh2 Nxc3 74.Rb2 Na4 75.Rb4 Nc5 76.Kd6 Ne4+ 77.Kd5 Nf6+ 78.Ke6 Nd7
79.Kd6 Ke8 80.Rxc4 Nf8  1/2-1/2

[Event "Tilburg"]
[Site "Tilburg"]
[Date "1992.??.??"]
[Round "1"]
[White "Cifuentes Parada, Roberto"]
[Black "Serper, Grigory"]
[Result "1/2-1/2"]
[WhiteElo "2490"]
[BlackElo "2575"]

1.d4 d5 2.c4 e6 3.Nf3 Nf6 4.g3 dxc4 5.Qa4+ Nbd7 6.Bg2 a6 7.Nc3 Be7 8.Qxc4 b5
9.Qd3 Bb7 10.O-O O-O 11.Bf4 c5 12.dxc5 Nxc5 13.Qxd8 Rfxd8 14.Ne5 Bxg2 15.Kxg2 Rac8
16.Rac1 Nfd7 17.Nxd7 Nxd7 18.Ne4 e5 19.Be3 f5 20.Rxc8 Rxc8 21.Rd1 Nf8 22.Nc3 Kf7
23.Nd5 Rd8 24.Rd2 Ne6 25.Nxe7 Rxd2 26.Bxd2 Kxe7 27.f3 Nd4 28.Kf2 Ke6 29.e4 fxe4
30.fxe4 Nc6 31.Ke2 Nd4+ 32.Kf2  1/2-1/2

[Event "Tilburg"]
[Site "Tilburg"]
[Date "1992.??.??"]
[Round "1"]
[White "Christiansen, Larry Mark"]
[Black "Kortschnoj, Viktor"]
[Result "1/2-1/2"]
[WhiteElo "2625"]
[BlackElo "2575"]

1.c4 e5 2.Nc3 Nf6 3.Nf3 Nc6 4.e4 Bb4 5.d3 O-O 6.g3 Nd4 7.Bg2 Nxf3+ 8.Qxf3 d6
9.Qe2 c6 10.O-O a6 11.h3 b5 12.Be3 Re8 13.Rac1 Bb7 14.Rfd1 Bxc3 15.Rxc3 c5
16.a3 h6 17.b3 Qe7 18.Rc2 Rab8 19.Rdc1 bxc4 20.bxc4 Bc6 21.Rb2 Rxb2 22.Qxb2 Nd7
23.Rb1 Rb8 24.Qc1 Qd8 25.h4 Nf8 26.Kh2 Ne6 27.Bh3 Nd4 28.Bxd4 cxd4 29.Rb4 a5
30.Rb2 Kf8 31.Bg4 Qc7 32.Rxb8+ Qxb8 33.c5 Be8 34.Bd1 Qc7 35.Qb2 dxc5 36.Bb3 Qb6
37.Qc2 Bd7 38.Bd5 Ke7 39.Qc4 Be6 40.Bxe6 fxe6 41.h5 Kd6 42.Kh3 Qc6 43.a4 Kc7
44.f4 exf4 45.gxf4 Qb6 46.Qc2 Qc6  1/2-1/2

[Event "Tilburg"]
[Site "Tilburg"]
[Date "1992.??.??"]
[Round "1"]
[White "Chernin, Alexander"]
[Black "Gavrikov, Viktor"]
[Result "1-0"]
[WhiteElo "2600"]
[BlackElo "2555"]

1.d4 d5 2.c4 c6 3.Nf3 Nf6 4.Nc3 a6 5.e3 b5 6.b3 Bg4 7.h3 Bxf3 8.Qxf3 bxc4
9.bxc4 e5 10.Rb1 Nbd7 11.Bd2 Qe7 12.Be2 Qe6 13.cxd5 cxd5 14.e4 exd4 15.Nxd5 Rc8
16.Nxf6+ Nxf6 17.O-O Be7 18.e5 Nd7 19.Qb7 Nc5 20.Qa7 h5 21.Rb6 Qd7 22.Qxd7+ Kxd7
23.Rd1 Rc6 24.Rb4 d3 25.Bf3 Rcc8 26.Rd4+ Ke6 27.Bd5+ Kxe5 28.Bc3 Kf5 29.Bxf7 Rcd8
30.Rc4 h4 31.Bb4 Kf6 32.Bxc5 Bxc5 33.Rxc5 Kxf7 34.Rc7+ Kf6 35.Rc3 Rhe8 36.Rdxd3 Re1+
37.Kh2 Rxd3 38.Rxd3 Re2 39.Rf3+ Ke5 40.a3 Ra2 41.g3 g5 42.g4 Ke4 43.Kg2 Rb2
44.Rf6 a5 45.Rf5 a4 46.Ra5  1-0

[Event "Tilburg"]
[Site "Tilburg"]
[Date "1992.??.??"]
[Round "1"]
[White "Blees, Albert"]
[Black "Kosten, Anthony C"]
[Result "0-1"]
[WhiteElo "2415"]
[BlackElo "2515"]

1.d4 Nf6 2.Nf3 e6 3.c4 Bb4+ 4.Nbd2 b6 5.a3 Bxd2+ 6.Bxd2 Bb7 7.Bg5 d6 8.e3 Nbd7
9.Bd3 h6 10.Bh4 Qe7 11.Qc2 g5 12.Bg3 h5 13.h3 Rg8 14.e4 h4 15.Bh2 Nh5 16.O-O-O Nf4
17.Bf1 e5 18.g3 hxg3 19.fxg3 Nxh3 20.dxe5 dxe5 21.Bxh3 g4 22.Bf1 gxf3 23.Bh3 Nc5
24.Bf5 Qg5+ 25.Kb1 Qxf5 26.exf5 Be4 27.g4 Bxc2+ 28.Kxc2 e4 29.Be5 Nd3 30.Bd4 O-O-O
31.Bf6 Rde8 32.Rh4 Nf2 33.Rg1 e3 34.g5 Ne4 35.Bd4 f2 36.Rgh1 Ng3  0-1

[Event "Tilburg"]
[Site "Tilburg"]
[Date "1992.??.??"]
[Round "1"]
[White "Smyslov, Vassily"]
[Black "Serper, Grigory"]
[Result "1/2-1/2"]
[WhiteElo "2530"]
[BlackElo "2575"]

1.d4 d5 2.c4 e6 3.Nc3 Bb4 4.e3 Nf6 5.a3 Be7 6.Nf3 O-O 7.b4 b6 8.cxd5 exd5
9.Bb2 c5 10.bxc5 bxc5 11.dxc5 Na6 12.Nd4 Bxc5 13.Be2 Nc7 14.O-O Bd7 15.Rc1 Rb8
16.Na4 Bxa4 17.Qxa4 Rxb2 18.Rxc5 Ne6 19.Nxe6 fxe6 20.Bd3 e5 21.Bf5 Qe7 22.Ra5 Rb7
23.Ra6 g6 24.Bh3 Ne4 25.Qc6 Nxf2 26.Qe6+ Kh8 27.Qxe7 Nxh3+ 28.gxh3 Rxf1+
29.Kxf1 Rxe7 30.Rd6 d4 31.exd4 exd4 32.Rxd4 Re3 33.Ra4 Re7 34.Kf2 Kg7 35.Kf3 Kf6
36.h4 Kf5 37.Ra5+ Kf6 38.h5 gxh5 39.Rxh5 Kg6 40.Ra5 Kf6 41.Kf4 Kg6 42.a4 Rb7
43.Ra6+ Kh5 44.a5 Rf7+ 45.Kg3 Rg7+ 46.Kf3 Rf7+ 47.Ke3 Kg4 48.Ke4 h5 49.Rc6 Rf4+
50.Ke3 Rf5 51.Ra6 Rf7 52.Rc6 Kh3 53.Rc2 Rf5 54.Ra2 h4 55.a6 Rf1 56.Ke4 Rg1
57.Kd5 Rg2 58.Rxg2 Kxg2 59.Kc6 Kxh2 60.Kb7 h3 61.Kxa7 Kg1 62.Kb8 h2 63.a7 h1=Q
64.a8=Q Qxa8+  1/2-1/2

[Event "Tilburg"]
[Site "Tilburg"]
[Date "1992.??.??"]
[Round "1"]
[White "Short, Nigel D"]
[Black "Rogers, Ian"]
[Result "0-1"]
[WhiteElo "2680"]
[BlackElo "2565"]

1.e4 e6 2.d4 d5 3.Nc3 Bb4 4.e5 Ne7 5.a3 Bxc3+ 6.bxc3 b6 7.Nh3 Ng6 8.f4 c5
9.Bb5+ Bd7 10.Be2 Qh4+ 11.Nf2 Nc6 12.g3 Qe7 13.h4 f5 14.h5 Nf8 15.a4 Na5
16.g4 fxg4 17.Nxg4 Bc6 18.O-O O-O-O 19.Qe1 g6 20.h6 Nd7 21.Ne3 Rhf8 22.Qg3 Bb7
23.Ba3 Rf7 24.Qg5 Qf8 25.Rab1 Kb8 26.dxc5 Nxc5 27.Bxc5 bxc5 28.Qg3 Qxh6 29.Rb5 Nc6
30.Rxc5 Qf8 31.Rb5 Qa3 32.Ng4 Nd4 33.Bd3 Nxb5 34.axb5 Qxc3 35.Nf6 Rdf8 36.Kh2 Ka8
37.Qf2 g5 38.Rb1 Rxf6  0-1

[Event "Tilburg"]
[Site "Tilburg"]
[Date "1992.??.??"]
[Round "1"]
[White "Rozentalis, Eduardas"]
[Black "Milos, Gilberto"]
[Result "1/2-1/2"]
[WhiteElo "2590"]
[BlackElo "2555"]

1.e4 e5 2.Nf3 Nc6 3.Bb5 a6 4.Bxc6 dxc6 5.O-O f6 6.d4 exd4 7.Nxd4 c5 8.Ne2 Qxd1
9.Rxd1 Bd7 10.Nbc3 O-O-O 11.Be3 Re8 12.Rd2 Bc6 13.Rad1 b6 14.Nd5 Ne7 15.c4 Nxd5
16.exd5 Bd7 17.Bf4 Bd6 18.Bxd6 cxd6 19.f3 Kc7 20.Kf2 b5 21.b3 Re5 22.Nf4 bxc4
23.bxc4 Rb8 24.h4 a5 25.g4 g6 26.Nd3 Ree8 27.Re2 Rxe2+ 28.Kxe2 Re8+ 29.Kd2 Bc8
30.Rc1 h6 31.a3 Re7 32.Nf4 g5 33.Nh5 Rg7 34.hxg5 hxg5 35.Ng3 f5 36.gxf5 Bxf5
37.Rg1 Bc8 38.Ke3 g4 39.f4 Ba6 40.Rc1 Re7+ 41.Kd3 Rh7 42.Re1 Rh2 43.Re7+ Kd8
44.Re6 Bc8 45.Re2 Rh3 46.Re3 Rh2 47.Re2 Rh3  1/2-1/2

[Event "Tilburg"]
[Site "Tilburg"]
[Date "1992.??.??"]
[Round "1"]
[White "Pinter, Jozsef"]
[Black "Vyzmanavin, Alexey"]
[Result "0-1"]
[WhiteElo "2590"]
[BlackElo "2580"]

1.d4 Nf6 2.c4 e6 3.Nf3 b6 4.g3 Ba6 5.b3 Bb4+ 6.Bd2 Be7 7.Nc3 d5 8.cxd5 exd5
9.Bg2 O-O 10.O-O Bb7 11.Rc1 Nbd7 12.Rc2 Re8 13.Qc1 Nf8 14.Rd1 Ne6 15.Be3 c6
16.Qb2 Bf8 17.Ne5 Qe7 18.Na4 Rac8 19.Nd3 g6 20.Bh3 Bg7 21.Nf4 Ne4 22.Qc1 f5
23.Bf1 Nf8 24.Bg2 Nd7 25.Nd3 Bf6 26.Nc3 Bg7 27.a3 Ndf6 28.Bf3 Nxc3 29.Rxc3 Ne4
30.Rc2 c5 31.dxc5 d4 32.Bd2 bxc5 33.b4 c4 34.Rxc4 Nc3 35.Rxc3 dxc3 36.Bg5 Qf7
37.Bxb7 Qxb7 38.Nc5 Qb5 39.e4 fxe4 40.Qc2 Qc4 41.Rd7 e3 42.Bxe3 Rcd8 43.Rxa7 Bd4
44.Bxd4 Rxd4  0-1

[Event "Tilburg"]
[Site "Tilburg"]
[Date "1992.??.??"]
[Round "1"]
[White "Petursson, Margeir"]
[Black "Krnic, Zdenko"]
[Result "1-0"]
[WhiteElo "2565"]
[BlackElo "2430"]

1.c4 e5 2.Nc3 Nc6 3.g3 g6 4.Bg2 Bg7 5.e3 h5 6.Nf3 d6 7.d3 Nh6 8.Rb1 a5 9.a3 Nf5
10.h4 O-O 11.b4 axb4 12.axb4 Bd7 13.Ng5 Qb8 14.O-O Nd8 15.Nd5 f6 16.e4 fxg5
17.exf5 Rxf5 18.Ne7+ Kf7 19.Nxf5 Bxf5 20.Bxg5 Ne6 21.Be3 c6 22.Be4 Bg4 23.f3 Bh3
24.Rf2 Qc8 25.Kh2 Bf6 26.b5 Nd8 27.f4 Bg4 28.Qd2 Kg7 29.fxe5 Bxe5 30.d4 Bf6
31.Bh6+  1-0

[Event "Tilburg"]
[Site "Tilburg"]
[Date "1992.??.??"]
[Round "1"]
[White "Akopian, Vladimir"]
[Black "Bosboom, Manuel"]
[Result "1-0"]
[WhiteElo "2600"]
[BlackElo "2445"]

1.d4 Nf6 2.c4 g6 3.g3 Bg7 4.Bg2 O-O 5.Nc3 d6 6.Nf3 Nbd7 7.O-O e5 8.h3 c6
9.e4 exd4 10.Nxd4 Qa5 11.Nde2 Re8 12.Rb1 Qc7 13.Bf4 Ne5 14.b3 Nh5 15.Be3 f5
16.Nd4 fxe4 17.Nxe4 Nf7 18.g4 Nf6 19.Nxf6+ Bxf6 20.Qd2 Bd7 21.f4 c5 22.Nc2 Bc6
23.Kh1 Be4 24.Bg1 d5 25.cxd5 Nd6 26.Rbc1 Rad8 27.Nd4 Bxd4 28.Bxd4 Bxg2+ 29.Qxg2 Ne4
30.Be5 Rxe5 31.fxe5 Qxe5 32.Rf3 Qxd5 33.Re1 Ng5 34.Rfe3 Qxg2+ 35.Kxg2 Rd2+
36.Kg3 Rxa2 37.Re8+ Kg7 38.R8e7+ Kf6 39.h4 Nf7 40.g5+  1-0

[Event "Tilburg"]
[Site "Tilburg"]
[Date "1992.??.??"]
[Round "1"]
[White "Adams, Michael"]
[Black "Gelfand, Boris"]
[Result "1/2-1/2"]
[WhiteElo "2610"]
[BlackElo "2685"]

1.e4 c5 2.Nc3 d6 3.Nf3 a6 4.d4 cxd4 5.Nxd4 Nf6 6.Be3 e5 7.Nf3 Qc7 8.a4 Be7
9.a5 O-O 10.Be2 Qc6 11.Nd2 Be6 12.O-O Nbd7 13.Bf3 Rfd8 14.Qe2 Rac8 15.Rfd1 h6
16.Nf1 Bf8 17.Rd2 Re8 18.h4 Nc5 19.Ng3 b5 20.axb6 Qxb6 21.Na4 Qb7 22.Nxc5 dxc5
23.c3 Rc6 24.Nh5 Nxh5 25.Bxh5  1/2-1/2

[Event "Tilburg"]
[Site "Tilburg"]
[Date "1992.??.??"]
[Round "2"]
[White "Winants, Luc"]
[Black "Ftacnik, Lubomir"]
[Result "1-0"]
[WhiteElo "2505"]
[BlackElo "2535"]

1.e4 c5 2.Nf3 d6 3.d4 cxd4 4.Nxd4 Nf6 5.Nc3 a6 6.Bc4 e6 7.Bb3 Nbd7 8.f4 Nc5
9.f5 Be7 10.Qf3 O-O 11.Be3 e5 12.Nde2 Nxb3 13.axb3 b5 14.g4 b4 15.Na4 Bb7
16.Ng3 d5 17.O-O-O d4 18.Bd2 Rc8 19.Kb1 Nd7 20.g5 Bxg5 21.Bxb4 Re8 22.Rhg1 Be3
23.Rg2 Qh4 24.Bd2 Bxd2 25.Rgxd2 Nf6 26.Re2 h5 27.Qd3 Qg4 28.Rde1 Bc6 29.Nb6 Bb5
30.Nc4 Nd7 31.Nf1 Nc5 32.Qd1 Bxc4 33.bxc4 Rb8 34.Nd2 Rxb2+ 35.Kxb2 Na4+ 36.Ka1 Qh3
37.Nb1 Rb8 38.Qd3 Qh4 39.Qa3 Nb6 40.Nd2 Qd8 41.Rb1 Rc8 42.c5 Nd7 43.Nb3  1-0

[Event "Tilburg"]
[Site "Tilburg"]
[Date "1992.??.??"]
[Round "2"]
[White "Tiviakov, Sergei"]
[Black "Barua, Dibyendu"]
[Result "1-0"]
[WhiteElo "2585"]
[BlackElo "2550"]

1.e4 e5 2.Nf3 Nf6 3.d4 Nxe4 4.Bd3 d5 5.Nxe5 Nd7 6.Nxd7 Bxd7 7.O-O Qh4 8.c4 O-O-O
9.c5 g5 10.Nc3 Bg7 11.Ne2 Nf6 12.Bd2 Kb8 13.f3 Rde8 14.Be1 Qh6 15.b4 Nh5
16.b5 Nf4 17.Bf2 g4 18.c6 Bc8 19.cxb7 Bd7 20.Nxf4 Qxf4 21.fxg4 Bxg4 22.Qa4 Re6
23.Rfc1 Rh6 24.g3 Qd2 25.Qc2 Qxc2 26.Rxc2 Kxb7 27.Rac1 Rc8 28.Rc5 Rd6 29.Kg2 Rf6
30.Be3 Bf8 31.R5c3 Bf3+ 32.Kg1 Be4 33.Bxe4 dxe4 34.d5 Rf3 35.Bf4 Rxc3 36.Rxc3 f5
37.Rc6 Bb4 38.Kf1 Rd8 39.Rxc7+ Kb6 40.a4 Rxd5 41.Rxh7 Bd2 42.Bb8 Kc5 43.Bxa7+ Kb4
44.Ke2 Bc3 45.Be3 Kxa4 46.b6 Be5 47.Rf7  1-0

[Event "Tilburg"]
[Site "Tilburg"]
[Date "1992.??.??"]
[Round "2"]
[White "Timman, Jan H"]
[Black "Kuczynski, Robert"]
[Result "1-0"]
[WhiteElo "2665"]
[BlackElo "2525"]

1.d4 d5 2.c4 c6 3.Nc3 Nf6 4.Nf3 e6 5.Bg5 h6 6.Bxf6 Qxf6 7.Qb3 a5 8.e4 dxe4
9.Nxe4 Bb4+ 10.Kd1 Qf4 11.Bd3 f5 12.Ng3 c5 13.d5 a4 14.Qc2 O-O 15.a3 Ba5
16.Qe2 exd5 17.cxd5 Bd7 18.Qe5 Bc7 19.Qxf4 Bxf4 20.Nh4 Bxg3 21.hxg3 b5 22.Kd2 Ra6
23.Rae1 c4 24.Bc2 Rd6 25.Kc3 Rxd5 26.Ng6  1-0